|
|
|
|
| LEADER |
00796ncm a22002172a 4500 |
| 001 |
001313466 |
| 003 |
CZ BrMZK |
| 005 |
20131216145156.0 |
| 007 |
qu |
| 008 |
130726s1865 au |||||||||||||||||zxx d |
| 040 |
|
|
|a BOA001
|b cze
|
| 072 |
|
7 |
|a 786
|x Hudba pro klávesové nástroje
|2 Konspekt
|9 9
|
| 100 |
1 |
|
|a Strauß, Josef,
|d 1793-1866
|7 mzk2005300571
|4 cmp
|
| 245 |
1 |
0 |
|a Lustschwärmar, 91tes. Werk
|h [hudebnina] :
|b Walzer für Pianoforte /
|c von Josef Strauss
|
| 260 |
|
|
|a Wien :
|b Carl Haslinger qm. Tobias, k.k. Hof-u. pr. Kunst-u. Musikalienhändler,
|c [1865?]
|
| 300 |
|
|
|a 7 s.
|
| 500 |
|
|
|a Tisk vtlačenou plotnou, č. 12,453
|
| 910 |
|
|
|a BOA001
|b Mus4-0187.174
|
| 990 |
|
|
|a MU
|
| 991 |
|
|
|b 201307
|
| 996 |
6 |
|
|b 2619577900
|c Mus4-0187.174
|l MZK
|r Sklad / do 1 hodiny
|n 0
|w 001348404
|u 000010
|a 1
|e BOA001
|j MZK50
|s P
|